| 000 | 00360nam a2200145Ia 4500 | ||
|---|---|---|---|
| 008 | 150201s2008 xx 000 0 und d | ||
| 082 |
_a617.7 _bO08J |
||
| 100 | _aJOSHI,J | ||
| 245 | _aESSENTIAL OF ORTHOPEDICS AND APPLIED PHYSIOTHERAPY | ||
| 250 | _a1ST | ||
| 260 |
_bELSEVIER _aNOIDA _c2008 |
||
| 300 | _a1-592 | ||
| 650 | _aORTHOPAEDICS | ||
| 942 |
_2ddc _cBK _025 |
||
| 999 |
_c345 _d345 |
||